Learning language art through literature / (Record no. 163180)

MARC details
000 -LEADER
fixed length control field 00571nam a22001817a 4500
005 - DATE AND TIME OF LATEST TRANSACTION
control field 20190401122531.0
010 ## - LCCN (DPL NO)
LC control number ENG-124966
020 ## - INTERNATIONAL STANDARD BOOK NUMBER
International Standard Book Number 9789383046164
Terms of availability 695.00
035 ## - SYSTEM CONTROL NUMBER
System control number EN-108498
037 ## - SOURCE OF ACQUISITION
Source of stock number/acquisition DBAD/PUB
082 ## - DEWEY DECIMAL CLASSIFICATION NUMBER
Classification number 428.00705125
100 ## - MAIN ENTRY--PERSONAL NAME
Personal name Singh, Shweta
245 ## - TITLE STATEMENT
Title Learning language art through literature /
Statement of responsibility, etc by Shweta Singh
260 ## - PUBLICATION, DISTRIBUTION, ETC. (IMPRINT)
Name of publisher, distributor, etc DPS Publishing House
Date of publication, distribution, etc 2017
Place of publication, distribution, etc New Delhi
270 ## - ADDRESS
Address 4598/12B, Gola Cottage, Ansari Road, Daryaganj,
City New Delhi
Postal code 110002
300 ## - PHYSICAL DESCRIPTION
Extent 211p.
Dimensions 21cm(Hb)
942 ## - ADDED ENTRY ELEMENTS (KOHA)
Source of classification or shelving scheme Dewey Decimal Classification
Item type English Books
Classification part 428.00705125
Call number suffix SIN
Holdings
Withdrawn status Lost status Not for loan Collection code Home library Current library Date acquired Source of acquisition Cost, normal purchase price Full call number Barcode Copy number Cost, replacement price Koha item type
    Not For Loan Non-fiction D.B.Act.Division Patel Nagar 01/04/2019 DBAD/PUB 695.00 428.00705125 SIN EN-108498 1 695.00 English Books

© Delhi Public Library
Hit Counter
free hit counter